000 00434nam a2200181Ia 4500
005 20240903101410.0
008 131103s9999 xx 000 0 und d
040 _aLoreto College
041 _aEnglish
082 _a891.43
_bSHA
100 _aSharma, Rajkumar
245 _aAmar bharati
_cRajkumar Sharma
260 _aKolkata
_bNalanda
_c[19?]
300 _aV.2
650 _aHindi litarature
850 _aLCBED
942 _cBK
999 _c35402
_d85881